| 000 | 00462nam a2200193Ia 4500 | ||
|---|---|---|---|
| 008 | 210210b1918 xxu||||| |||| 00| 0 eng d | ||
| 041 | _aeng | ||
| 082 | _a335/381 | ||
| 100 | _a- | ||
| 245 | _aIndian industrial commission 1916-1918 report | ||
| 260 |
_aCalcutta _bGovt. printing _c1918 |
||
| 650 | _areport | ||
| 650 | _aindustrial | ||
| 650 | _aIndian | ||
| 650 | _acommission | ||
| 650 | _a1916-1918 | ||
| 690 | _aIndian Economics | ||
| 906 | _a004723 | ||
| 999 |
_c127746 _d127746 |
||